Plne chce využívať vlastnú iniciatívu akým bude Rudolf Schuster prezidentom Slovenskej republiky

Bibliographic Details
Main Author: Gabura, Peter (Author)
Format: Article
Language:Slovak
PhysicalDescription:Fotogr.
Subjects:

MARC

LEADER 00000nab a2200000 a 4500
001 vtls000694907
003 SK-MaSNL
005 20260303202550.0
008 180206c1999 xo 0 slo
015 |a SNBRB1999/06-16115 
035 |a CLN000047074 
040 |a SNKBUCL  |b slo  |c SNKBUCL  |e AACR2 
041 0 |a slo 
044 |a xo  |c SK 
080 |a 342.511(437.6)  |2 UDC-MRF-SK2 
100 1 |a Gabura, Peter  |4 aut  |9 850053 
245 1 0 |a Plne chce využívať vlastnú iniciatívu  |b akým bude Rudolf Schuster prezidentom Slovenskej republiky  |c Peter Gabura 
300 |b Fotogr. 
600 1 7 |a Schuster, Rudolf,  |d 1934-  |2 snkbucl  |9 86070 
610 1 7 |a Slovensko.  |b Prezident (1999-2004 : Schuster)  |2 snkbucl  |9 97532 
655 7 |a články z novín a časopisov  |2 snkbucl  |9 267496 
773 0 |t Fakty  |g Roč. 6, č. 25 (1999), s. 6-7 
850 |a Slovenská národná knižnica v Martine 
852 |a SNK  |b KIS3GCP 
958 |a RBX 
999 |c 2180367  |d 2182297